书目信息 |
| 题名: |
房屋建筑与装饰工程估价
|
|
| 作者: | 程建华 , 王辉 主编 | |
| 分册: | ||
| 出版信息: | 北京 化学工业出版社 2020.1 |
|
| 页数: | 362页 | |
| 开本: | 26cm | |
| 丛书名: | ||
| 单 册: | ||
| 中图分类: | TU723.31 , TU767.02 | |
| 科图分类: | ||
| 主题词: | 建筑造价管理--高等学校--教材 , 建筑装饰--工程装修--建筑造价管理--高等学校--教材 | |
| 电子资源: | ||
| ISBN: | 978-7-122-30870-2 | |
| 000 | 01112nam0 2200289 45 | |
| 001 | 012001001036 | |
| 005 | 20140912143935.0 | |
| 010 | @a978-7-122-30870-2@dCNY49.00 | |
| 100 | @a20180302d2018 em y0chiy50 ea | |
| 101 | 0 | @achi |
| 102 | @aCN@b110000 | |
| 105 | @aa z 000yy | |
| 106 | @ar | |
| 200 | 1 | @a房屋建筑与装饰工程估价@Afang wu jian zhu yu zhuang shi gong cheng gu jia@e全国消耗量定额版@f程建华,王辉主编 |
| 210 | @a北京@c化学工业出版社@d2020.1 | |
| 215 | @a362页@c图@d26cm | |
| 300 | @a高等学校工程管理类本科指导性专业规范配套教材 高等学校土建类专业“十三五”规划教材 | |
| 307 | @a实际页数为:363 | |
| 330 | @a本书共分十七章,主要内容包括:绪论、工程造价构成、工程定额原理与编制、工程量清单及其编制、建筑面积计算、土石方工程计量与计价、地基处理与边坡支护工程计量与计价等。 | |
| 606 | 0 | @a建筑造价管理@x高等学校@j教材 |
| 606 | 0 | @a建筑装饰@x工程装修@x建筑造价管理@x高等学校@j教材 |
| 690 | @aTU723.31@v5 | |
| 690 | @aTU767.02@v5 | |
| 701 | 0 | @a程建华@Acheng jian hua@4主编 |
| 701 | 0 | @a王辉@Awang hui@4主编 |
| 801 | 0 | @aCN@bBJSDL@c20211011 |
| 905 | @b1332791-4@dTU723.31@e1884@f4 | |
| 房屋建筑与装饰工程估价:全国消耗量定额版/程建华,王辉主编.-北京:化学工业出版社,2020.1 |
| 362页:图;26cm |
| 高等学校工程管理类本科指导性专业规范配套教材 高等学校土建类专业“十三五”规划教材 |
| ISBN 978-7-122-30870-2:CNY49.00 |
| 本书共分十七章,主要内容包括:绪论、工程造价构成、工程定额原理与编制、工程量清单及其编制、建筑面积计算、土石方工程计量与计价、地基处理与边坡支护工程计量与计价等。 |
| ● |
| 相关链接 |
|
|
|
|
正题名:房屋建筑与装饰工程估价
索取号:TU723.31/1884
 
预约/预借
| 序号 | 登录号 | 条形码 | 馆藏地/架位号 | 状态 | 备注 |
| 1 | 1332791 | 213327915 | 第二样本阅览室/ [索取号:TU723.31/1884] | 在馆 | |
| 2 | 1332792 | 213327924 | 第三借阅区/ [索取号:TU723.31/1884] | 在馆 | |
| 3 | 1332793 | 213327933 | 第三借阅区/ [索取号:TU723.31/1884] | 在馆 | |
| 4 | 1332794 | 213327942 | 第三借阅区/ [索取号:TU723.31/1884] | 在馆 |